| 000 | 00337nam a22001217a 4500 | ||
|---|---|---|---|
| 999 |
_c515992 _d515992 |
||
| 082 | _aTNC B142X54 K897 | ||
| 100 |
_aKrishnaswamy, Shantha _922274 |
||
| 245 |
_aGlimpses of women in India _cby Shantha Krishnaswamy |
||
| 260 |
_aNew Delhi _bAshish _c1983 |
||
| 300 | _a375p. | ||
| 650 |
_aWomen _923442 |
||
| 650 |
_aWomen - Legal steps _923443 |
||